[Event "PRO League KO 2023"]
[Site "chess.com INT"]
[Date "2023.05.13"]
[Round "2.4"]
[White "Praggnanandhaa,R"]
[Black "Wei Yi"]
[Result "0-1"]
[WhiteElo "2688"]
[BlackElo "2722"]

1.d4 Nf6 2.Nf3 d5 3.Bf4 c5 4.e3 Nc6 5.Nbd2 Nh5 6.dxc5 Nxf4 7.exf4 g6 8.Bb5 Bg7
9.c3 O-O 10.Nb3 Qc7 11.Qxd5 Bf5 12.Qd2 Rad8 13.Qe2 a6 14.Bxc6 Qxc6 15.Nbd4 Qxc5
16.Nxf5 Qxf5 17.O-O Qxf4 18.Qxe7 b5 19.Rfe1 a5 20.Re4 Qf5 21.Rae1 b4 22.cxb4 Bxb2
23.R4e3 Bf6 24.Qc5 Qxc5 25.bxc5 Rd5 26.Ne5 Rc8 27.Nd3 Kg7 28.g3 Rcd8 29.Nf4 Rxc5
30.h4 Rd2 31.R3e2 Rcc2 32.Rxd2 Rxd2 33.Re2 Rd1+ 34.Kg2 a4 35.Kf3 a3 36.Ke4 Bd8
37.Nd3 Bb6 38.Ne5 f6 39.Nf3 Kf7 40.g4 Rf1 41.Nd4 Rb1 42.Nc6 Rb2 43.Kf3 Kf8
44.h5 g5 45.Nb8 Kf7 46.Nc6 f5 47.Ne5+ Ke6 48.Nc4+ Rxe2 49.Kxe2 Bc5 50.f3 Kd5
51.Kd3 fxg4 52.fxg4 h6 53.Nd2 Ke5 54.Ne4 Bb6 55.Ng3 Kf4 56.Nf5 Kxg4 57.Nxh6+ Kxh5
58.Nf5 Kg4 59.Nh6+ Kf4 60.Nf7 g4 61.Ke2 g3 62.Kf1 Bc7 63.Kg2 Kf5 64.Nh6+ Kg5  0-1

[Event "PRO League KO 2023"]
[Site "chess.com INT"]
[Date "2023.05.14"]
[Round "3.3"]
[White "Wei Yi"]
[Black "Fedoseev,Vl3"]
[Result "0-1"]
[WhiteElo "2722"]
[BlackElo "2680"]

1.d4 Nf6 2.c4 e6 3.Nc3 d5 4.cxd5 exd5 5.Bg5 Nbd7 6.e3 h6 7.Bh4 Be7 8.Bd3 O-O
9.Nf3 c6 10.Qc2 Re8 11.Bg3 Nh5 12.Be5 Nhf6 13.O-O Nxe5 14.Nxe5 Be6 15.f4 Rc8
16.Qf2 a6 17.Qf3 Bd6 18.Kh1 c5 19.f5 Bd7 20.Nxd5 Bxe5 21.dxe5 Nxd5 22.Qxd5 Bc6
23.Qxd8 Rcxd8 24.Be2 Rxe5 25.Bf3 Bxf3 26.Rxf3 c4 27.h3 Rd2 28.Rc1 Rc5 29.Rf4 b5
30.b3 cxb3  0-1

[Event "PRO League KO 2023"]
[Site "chess.com INT"]
[Date "2023.05.14"]
[Round "3.1"]
[White "Nurmanova,Alua"]
[Black "Wei Yi"]
[Result "0-1"]
[WhiteElo "2118"]
[BlackElo "2722"]

1.e4 g6 2.d4 Bg7 3.Nc3 a6 4.Nf3 d6 5.Be3 b5 6.Bd3 Bb7 7.a4 b4 8.Ne2 Nd7 9.O-O Ngf6
10.Ng3 h5 11.h4 Ng4 12.Bd2 c5 13.c3 a5 14.Qe2 O-O 15.Rfd1 Qb6 16.Bb5 Ndf6
17.Bg5 cxd4 18.cxd4 e5 19.dxe5 dxe5 20.Nd2 Qa7 21.Rac1 Rfd8 22.Rc7 Rac8 23.Rdc1 Rxc7
24.Rxc7 Qb6 25.Rc1 Rd4 26.Nc4 Qa7 27.Nd2 Nxf2 28.Be3 N2g4 29.Bxd4 Qxd4+ 30.Kh1 Nf2+  0-1

[Event "PRO League KO 2023"]
[Site "chess.com INT"]
[Date "2023.05.14"]
[Round "3.2"]
[White "Wei Yi"]
[Black "Vokhidov,Shamsiddin"]
[Result "1-0"]
[WhiteElo "2722"]
[BlackElo "2586"]

1.d4 Nf6 2.c4 e6 3.Nc3 Bb4 4.a3 Bxc3+ 5.bxc3 b6 6.f3 Nc6 7.e4 Ba6 8.Bg5 h6
9.Bh4 Na5 10.e5 g5 11.Bf2 Nh5 12.h4 Nf4 13.Qa4 Qe7 14.h5 Bxc4 15.Bxc4 Nxg2+
16.Kf1 Nf4 17.Ne2 Nxe2 18.Bxe2 f6 19.exf6 Qxf6 20.Kg2 O-O 21.Bg3 d6 22.Rae1 Rf7
23.Rhf1 Raf8 24.Bd3 Re7 25.f4 gxf4 26.Rxf4 Qg5 27.Rxf8+ Kxf8 28.Rf1+ Rf7
29.Rxf7+ Kxf7 30.Bg6+ Ke7 31.Qe8+  1-0

[Event "2nd Hua Yi Cup CHN Rapid"]
[Site "Shaoxing CHN"]
[Date "2023.05.29"]
[Round "2.4"]
[White "Wei Yi"]
[Black "Xu,Zhihang"]
[Result "1/2-1/2"]
[WhiteElo "2722"]
[BlackElo "2508"]

1.e4 e5 2.Nf3 Nc6 3.Bb5 a6 4.Ba4 d6 5.O-O Bd7 6.Nc3 g6 7.d4 exd4 8.Bxc6 bxc6
9.Qxd4 f6 10.Qc4 Bg7 11.b4 a5 12.b5 c5 13.b6 cxb6 14.Bf4 Nh6 15.Bxd6 Nf7
16.Nb5  1/2-1/2

[Event "2nd Hua Yi Cup CHN Rapid"]
[Site "Shaoxing CHN"]
[Date "2023.05.29"]
[Round "2.1"]
[White "Xu,Zhihang"]
[Black "Wei Yi"]
[Result "1/2-1/2"]
[WhiteElo "2508"]
[BlackElo "2722"]

1.d4 Nf6 2.c4 g6 3.g3 Bg7 4.Bg2 O-O 5.Nc3 Nc6 6.Nf3 d5 7.cxd5 Nxd5 8.O-O e5
9.Nxd5 e4 10.e3 Qxd5 11.Nd2 f5 12.b3 Be6 13.Ba3 Rfe8 14.Rc1 Qd7 15.Qe2 a5
16.Qb5 Reb8 17.Rc2 a4 18.bxa4 Ra5 19.Qb2 Rxa4 20.Rfc1 Nxd4 21.exd4 Bxd4 22.Rc3 Rba8
23.Nb1 Bxc3 24.Qxc3 Rc4 25.Qe1 Rxc1 26.Qxc1 Rd8 27.Bf1 Bxa2 28.Bb2 Qc6 29.Nc3 Bb3
30.Qg5 Rf8 31.h4 Qf6 32.Qf4 Qd6 33.Qh6 Qf6 34.Qf4 Qd6 35.Qh6 Qf6  1/2-1/2

[Event "2nd Hua Yi Cup CHN Rapid"]
[Site "Shaoxing CHN"]
[Date "2023.05.29"]
[Round "2.2"]
[White "Wei Yi"]
[Black "Xu,Zhihang"]
[Result "1-0"]
[WhiteElo "2722"]
[BlackElo "2508"]

1.d4 Nf6 2.c4 e6 3.Nf3 d5 4.Nc3 Bb4 5.Qa4+ Nc6 6.e3 O-O 7.Qc2 Ne7 8.Bd2 b6
9.a3 Bxc3 10.Bxc3 Bb7 11.c5 a5 12.Bd3 Ne4 13.O-O Ba6 14.Rfc1 Bxd3 15.Qxd3 Ng6
16.Be1 bxc5 17.dxc5 a4 18.c6 Qf6 19.Rc2 Rfb8 20.Bb4 h6 21.Rac1 Rd8 22.Rd1 e5
23.Qb5 Nd6 24.Qe2 Ne4 25.Ne1 Qf5 26.Nd3 Qe6 27.f3 Nf6 28.Rdc1 e4 29.Nc5 Qf5
30.Rf1 exf3 31.Rxf3 Qh5 32.Qf1 Qg5 33.Rg3 Qh5 34.Bc3 Ne4 35.Rh3 Qg5 36.Bd4 Re8
37.Nxe4 Rxe4 38.Rf2 Qe7 39.Qb5 Qe6 40.Rg3 Rd8 41.Qxa4 Rd6 42.Rc2 Rxd4 43.Qxd4 Rxc6
44.Rxc6 Qxc6 45.h4 h5 46.Rg5  1-0

[Event "2nd Hua Yi Cup CHN Rapid"]
[Site "Shaoxing CHN"]
[Date "2023.05.29"]
[Round "2.3"]
[White "Xu,Zhihang"]
[Black "Wei Yi"]
[Result "1/2-1/2"]
[WhiteElo "2508"]
[BlackElo "2722"]


1.d4 Nf6 2.c4 e6 3.Nf3 d5 4.g3 Be7 5.Bg2 O-O 6.O-O dxc4 7.Qc2 a6 8.a4 Bd7
9.Bg5 Bc6 10.Qxc4 Nbd7 11.Nc3 h6 12.Bxf6 Nxf6 13.Rfd1 Qd6 14.Ne5 Bxg2 15.Kxg2 Rfd8
16.e3 c5 17.Qxc5 Qxc5 18.dxc5 Bxc5 19.Kf3 Bd6 20.Nc4 Bb4 21.Nb6 Rab8 22.Ne4 Nd5
23.Nxd5 Rxd5 24.Rxd5 exd5 25.Nc3 Bxc3 26.bxc3 Rc8 27.Rb1 Rxc3 28.Rxb7 Rc4  1/2-1/2

[Event "2nd Hua Yi Cup CHN Rapid"]
[Site "Shaoxing CHN"]
[Date "2023.05.30"]
[Round "3.3"]
[White "Wei Yi"]
[Black "Zhao Jun"]
[Result "1/2-1/2"]
[WhiteElo "2722"]
[BlackElo "2591"]

1.e4 c5 2.Nf3 d6 3.Bb5+ Nd7 4.d4 cxd4 5.Qxd4 a6 6.Bxd7+ Bxd7 7.O-O h6 8.e5 Bc6
9.exd6 Bxf3 10.gxf3 Qxd6 11.Qxd6 exd6 12.Nc3 O-O-O 13.Bf4 g5 14.Be3 Bg7 15.Nd5 Nf6
16.Ne7+ Kd7 17.Nf5 Nh5 18.Nxg7 Nxg7 19.Bd4 Rhg8 20.Bxg7 Rxg7 21.Rad1 Rc8
22.c3 Rc4 23.Rfe1 Ra4 24.a3 Rf4 25.Kg2 Rg6 26.Re4 Rgf6 27.Rd3 Kc6 28.h3 d5
29.Re8 Rd6 30.Rc8+ Kd7 31.Rb8 Kc7 32.Rf8 Rb6 33.b4 Rd6 34.Re3 Rd7 35.Rh8 Rf6
36.a4 d4 37.Rd3 Rc6 38.cxd4 Rc4 39.b5 axb5 40.axb5 Rd6 41.Rf8 f6 42.Re3 Kb6
43.d5 Rc5 44.Re6 Rxd5 45.Rfxf6 Rxe6 46.Rxe6+ Kxb5 47.Rxh6 Kc5 48.Rh8 b5 49.Rc8+ Kd4
50.Rb8 Kc4 51.f4 gxf4 52.Kf3 b4 53.Kxf4 b3 54.h4 Rb5 55.Rc8+ Kd3 56.Rc1 b2
57.Rb1 Kc2 58.Re1 Rd5 59.Kg4 Rd1 60.Re2+ Rd2 61.Re1 Rxf2 62.h5 Kd3 63.h6 Rh2
64.Kg5 Kd2 65.Rb1 Kc2 66.Rxb2+ Kxb2 67.Kg6 Rxh6+ 68.Kxh6  1/2-1/2

[Event "2nd Hua Yi Cup CHN Rapid"]
[Site "Shaoxing CHN"]
[Date "2023.05.30"]
[Round "3.1"]
[White "Wei Yi"]
[Black "Zhao Jun"]
[Result "1-0"]
[WhiteElo "2722"]
[BlackElo "2591"]

1.d4 Nf6 2.c4 e6 3.Nc3 d5 4.Nf3 Bb4 5.Bg5 h6 6.Bh4 dxc4 7.a3 Bxc3+ 8.bxc3 c5
9.e3 cxd4 10.cxd4 Qa5+ 11.Nd2 Ne4 12.Bxc4 b6 13.Bd3 Bb7 14.f3 Nxd2 15.Qxd2 Qxd2+
16.Kxd2 Nc6 17.Rac1 Rc8 18.Rc3 g5 19.Bg3 Ke7 20.Rhc1 Rhd8 21.Bb5 Kd7 22.a4 f5
23.a5 a6 24.Bxc6+ Rxc6 25.Rxc6 Bxc6 26.axb6 Rc8 27.Rc5 Bb7 28.Bc7 Rg8 29.Kd3 Ra8
30.e4 fxe4+ 31.fxe4 a5 32.Be5 Rc8 33.Rxa5 Rc1 34.Bg7 Rb1 35.Bxh6 g4 36.Rg5 Rxb6
37.Rxg4 e5 38.Be3 Rb3+ 39.Kd2 Ba6 40.dxe5 Rd3+ 41.Ke2 Rd5+ 42.Kf3 Rxe5 43.Rg7+ Ke8
44.Bd4 Re7 45.Rxe7+ Kxe7 46.g4 Kf7 47.h4 Bc8 48.h5 Bd7 49.Kf4 Bc8 50.Kg5 Bd7
51.Kf4 Bb5 52.g5 Kg8 53.g6  1-0

[Event "2nd Hua Yi Cup CHN Rapid"]
[Site "Shaoxing CHN"]
[Date "2023.05.30"]
[Round "3.2"]
[White "Zhao Jun"]
[Black "Wei Yi"]
[Result "0-1"]
[WhiteElo "2591"]
[BlackElo "2722"]

1.c4 Nf6 2.Nc3 e5 3.g3 Bb4 4.Bg2 O-O 5.d3 c6 6.Bd2 d5 7.Qb3 a5 8.cxd5 cxd5
9.Nxd5 Bxd2+ 10.Kxd2 Be6 11.Nxf6+ Qxf6 12.Qb6 Ra6 13.Qxb7 Qxf2 14.Rf1 Qc5
15.Rc1 Qd6 16.Qc7 Bxa2 17.Qxd6 Rxd6 18.Nh3 Nd7 19.Rc2 a4 20.Ra1 Bb3 21.Rc7 Rb8
22.Ng5 Nf6 23.Rac1 g6 24.Rc8+ Rxc8 25.Rxc8+ Kg7 26.Rc5 h6 27.Ne4 Nxe4+ 28.Bxe4 f5
29.Bc6 Kf6 30.Kc3 Bd1 31.e3 g5 32.d4 exd4+ 33.exd4 Bb3 34.Bb5 f4 35.gxf4 gxf4
36.Bd3 Bd5 37.Ra5 f3 38.Rxa4 Kg5 39.Ra7 Kf4 40.Re7 f2 41.Kd2 Rb6 42.Kc2 Rb4
43.Re8 Rxd4 44.Rf8+ Ke3 45.Re8+ Be4  0-1

[Event "2nd Hua Yi Cup CHN Rapid"]
[Site "Shaoxing CHN"]
[Date "2023.05.31"]
[Round "4.3"]
[White "Bu Xiangzhi"]
[Black "Wei Yi"]
[Result "1/2-1/2"]
[WhiteElo "2694"]
[BlackElo "2722"]

1.c4 e5 2.d3 Nf6 3.Nf3 Nc6 4.a3 g6 5.e3 Bg7 6.Be2 O-O 7.O-O d5 8.cxd5 Nxd5
9.Qc2 a5 10.Nc3 Be6 11.Ne4 Nde7 12.b3 b6 13.Bb2 h6 14.Rfd1 f5 15.Ned2 Qd5
16.Rac1 Rad8 17.Qb1 g5 18.e4 Qd7 19.Qc2 g4 20.exf5 Bd5 21.Nh4 h5 22.Ne4 Nxf5
23.Nxf5 Qxf5 24.f3 Qe6 25.fxg4 hxg4 26.Rf1 Bh6 27.Rxf8+ Rxf8 28.Re1 Rf7 29.Qd1 g3
30.Bg4 gxh2+ 31.Kh1 Qe7 32.Bh5 Rg7 33.Qf3 Bf4 34.Nf6+ Qxf6 35.Qxd5+ Kh7 36.Bf3 Ne7
37.Qe4+ Kh6 38.Bxe5 Qxe5 39.Qxe5 Bxe5 40.Rxe5 Kg6 41.Kxh2 Kf6 42.Rh5 Nf5
43.b4 axb4 44.axb4 Nd4 45.Be4 Rg5 46.Rh7 Ne6 47.Bc6 b5 48.Rd7 Re5 49.d4 Re2
50.Bxb5 Rb2 51.Bc6 Rxb4 52.d5 Nf4 53.Rxc7 Ke5 54.Re7+ Kd6 55.Rd7+ Ke5 56.Rb7 Rd4
57.g3 Rd2+ 58.Kg1 Rg2+  1/2-1/2

[Event "2nd Hua Yi Cup CHN Rapid"]
[Site "Shaoxing CHN"]
[Date "2023.05.31"]
[Round "4.4"]
[White "Wei Yi"]
[Black "Bu Xiangzhi"]
[Result "1/2-1/2"]
[WhiteElo "2722"]
[BlackElo "2694"]

1.d4 f5 2.Bf4 Nf6 3.e3 g6 4.h4 Bg7 5.h5 d6 6.hxg6 hxg6 7.Rxh8+ Bxh8 8.Nc3 e6
9.Qf3 Qe7 10.Qg3 Qf7 11.Nf3 Nh5 12.Qh4 Nc6 13.Be2 Bf6 14.Bg5 Bg7 15.O-O-O Nf6
16.e4 fxe4 17.Nxe4 Nd5 18.c4 Nde7 19.Nf6+ Bxf6 20.Bxf6 Ng8 21.Bg5 Bd7 22.d5 exd5
23.Re1 Kf8 24.Bd2 Ne5 25.Ng5 Qg7 26.Nh7+ Kf7 27.Ng5+ Kf8 28.Nh7+  1/2-1/2

[Event "2nd Hua Yi Cup CHN Rapid"]
[Site "Shaoxing CHN"]
[Date "2023.05.31"]
[Round "4.2"]
[White "Wei Yi"]
[Black "Bu Xiangzhi"]
[Result "1-0"]
[WhiteElo "2722"]
[BlackElo "2694"]

1.d4 d5 2.c4 dxc4 3.Nf3 a6 4.e3 b5 5.a4 Bb7 6.b3 e6 7.bxc4 bxc4 8.Bxc4 Nf6
9.O-O c5 10.Bb2 Nbd7 11.Qe2 cxd4 12.Nxd4 Be7 13.Nd2 O-O 14.Rfd1 Qa5 15.Nxe6 fxe6
16.Bxe6+ Kh8 17.Nc4 Qc7 18.Bxd7 Bd5 19.Bxf6 Bxf6 20.Rac1 Qb7 21.Rb1 Bxc4
22.Qxc4 Qa7 23.h4 Rab8 24.Rxb8 Rxb8 25.h5 Rd8 26.Qc6 Qa8 27.Qe6 h6 28.Rc1 Qa7
29.Rc8 Rxc8 30.Bxc8  1-0

[Event "2nd Hua Yi Cup CHN Rapid"]
[Site "Shaoxing CHN"]
[Date "2023.05.31"]
[Round "4.1"]
[White "Bu Xiangzhi"]
[Black "Wei Yi"]
[Result "1/2-1/2"]
[WhiteElo "2694"]
[BlackElo "2722"]

1.d4 Nf6 2.c4 e6 3.Nf3 d5 4.Bg5 h6 5.Bxf6 Qxf6 6.Nc3 c6 7.Qb3 Nd7 8.g3 g6
9.Bg2 Bg7 10.O-O O-O 11.a4 dxc4 12.Qxc4 e5 13.Rfd1 exd4 14.Nxd4 a5 15.Ne4 Qe7
16.Rd2 Nb6 17.Qb3 Nd5 18.Rad1 Nb4 19.Qc4 Re8 20.Qc5 Qxc5 21.Nxc5 Rb8 22.Ncb3 Ra8
23.Nc5 Rb8 24.e3 Be5 25.Ne4 Kg7 26.Nb3 Bg4 27.f3 Be6 28.Nec5 Bxb3 29.Nxb3 Bc7
30.e4 Rbd8 31.Rd7 Nc2 32.Kf2 b5 33.Ke2 bxa4 34.Nc5 Rxd7 35.Rxd7 Be5 36.Nxa4 g5
37.Kd2 Nd4 38.Kd3 Ne6 39.Bh3 Nf8 40.Ra7 Rd8+ 41.Kc2 Bd4 42.Rxa5 Bg1 43.Nc3 Bxh2
44.Ne2 Ng6 45.Bg4 Ne7 46.Ra7 Ng8 47.Ra1 h5 48.Bxh5 Nf6 49.Rh1 Nxh5 50.Rxh2 Nf6
51.g4 Nd7 52.Ng3 Ne5 53.Nf5+ Kf6 54.Rh6+ Ng6 55.Rh7 Ne5 56.Rh6+ Ng6 57.Kc3 Ke5
58.Rh7 Kf4 59.Rxf7 Ne5 60.Rf6 Kxf3 61.Re6 Kxe4 62.Nd6+ Kf4 63.Nc4 Nxc4 64.Kxc4 Rc8
65.Kc5 Kxg4 66.Rxc6 Rxc6+ 67.Kxc6 Kf5 68.b4  1/2-1/2

[Event "2nd Hua Yi Cup CHN Rapid"]
[Site "Shaoxing CHN"]
[Date "2023.06.01"]
[Round "5.3"]
[White "Wei Yi"]
[Black "Lu Shanglei"]
[Result "0-1"]
[WhiteElo "2722"]
[BlackElo "2597"]

1.d4 Nf6 2.c4 e6 3.Nc3 Bb4 4.e3 O-O 5.Bd3 d5 6.a3 Bxc3+ 7.bxc3 dxc4 8.Bxc4 c5
9.Ne2 Qc7 10.Ba2 b5 11.O-O Bb7 12.f3 Bd5 13.e4 Bxa2 14.Rxa2 Nbd7 15.Qb3 a6
16.a4 Qc6 17.Bf4 Nb6 18.axb5 axb5 19.Rb1 Rxa2 20.Qxa2 Ra8 21.Qb3 Ra5 22.dxc5 Qxc5+
23.Nd4 Nc4 24.Qb4 Qa7 25.Kf1 Ra1 26.Nxb5 Qa2 27.Rxa1 Qxa1+ 28.Ke2 Qa2+ 29.Kd3 Nb2+
30.Kc2 Nc4+ 31.Kd3 Nb2+ 32.Kd4 h6 33.Be5 Nd7 34.Bg3 e5+ 35.Bxe5 Nxe5 36.Qa3 Qc4+
37.Kxe5 Qxb5+ 38.Kd4 Qd3+ 39.Kc5 Qc4+ 40.Kd6 Na4 41.Qb4 Qe6+ 42.Kc7 Qe5+
43.Kd7 Nxc3 44.Kc6 Ne2 45.Qd6 Nd4+ 46.Kd7 Qb5+ 47.Kc8 Ne6 48.h4 h5 49.g3 g6
50.Qe7 Qd3 51.Qf6 Qd4 52.e5 Qc5+ 53.Kb7 Qb5+ 54.Ka7 Qc5+ 55.Ka6 Qc6+ 56.Ka5 Qd5+
57.Kb6 Qd8+ 58.Qxd8+ Nxd8 59.Kc5 Kf8 60.Kd5 Ke7 61.g4 g5  0-1

[Event "2nd Hua Yi Cup CHN Rapid"]
[Site "Shaoxing CHN"]
[Date "2023.06.01"]
[Round "5.1"]
[White "Wei Yi"]
[Black "Lu Shanglei"]
[Result "1/2-1/2"]
[WhiteElo "2722"]
[BlackElo "2597"]

1.d4 Nf6 2.c4 e6 3.Nc3 Bb4 4.a3 Bxc3+ 5.bxc3 c5 6.e3 O-O 7.Bd3 Nc6 8.Ne2 b6
9.e4 Ne8 10.h4 e5 11.d5 Na5 12.f4 Nd6 13.f5 Ba6 14.g4 Bxc4 15.Bxc4 Naxc4
16.Ng3 b5 17.Qf3 b4 18.cxb4 cxb4 19.g5 b3 20.Qxb3 Qa5+ 21.Qb4 Qxb4+ 22.axb4 Rfb8
23.Ra4 Nb6 24.Ra6 Nbc4 25.Ra4 Nb6  1/2-1/2

[Event "2nd Hua Yi Cup CHN Rapid"]
[Site "Shaoxing CHN"]
[Date "2023.06.01"]
[Round "5.4"]
[White "Lu Shanglei"]
[Black "Wei Yi"]
[Result "0-1"]
[WhiteElo "2597"]
[BlackElo "2722"]

1.e4 g6 2.d4 Bg7 3.Nc3 a6 4.a4 d6 5.Be3 b6 6.g3 Bb7 7.Bg2 Nd7 8.Nge2 e5 9.d5 Ne7
10.g4 Rc8 11.h4 h6 12.Ng3 c6 13.h5 cxd5 14.Nxd5 Bxd5 15.exd5 f5 16.hxg6 f4
17.Nh5 O-O 18.Bd2 Qe8 19.Ra3 Qxg6 20.Rah3 Nf6 21.Nxg7 Kxg7 22.Rxh6 Qg5 23.Bb4 Ng6
24.Bxd6 Rfe8 25.c3 e4 26.Kf1 Rcd8 27.R1h5 Nxh5 28.Rxh5 Qf6 29.Bc7 Rd7 30.Rf5 Qh4
31.Qd4+ Kg8 32.Bxf4 Qxg4 33.Rg5 Qxf4 34.Rxg6+ Kh7 35.Rg3 Re5 36.Re3 Rf7 37.Bxe4+ Kg7
38.f3 Rf6 39.d6 Rh5 40.d7 Rh1+ 41.Ke2 Qh2+ 42.Kd3 Rd1+  0-1

[Event "2nd Hua Yi Cup CHN Rapid"]
[Site "Shaoxing CHN"]
[Date "2023.06.01"]
[Round "5.5"]
[White "Lu Shanglei"]
[Black "Wei Yi"]
[Result "0-1"]
[WhiteElo "2597"]
[BlackElo "2722"]

1.e4 e5 2.Nf3 Nc6 3.d4 exd4 4.Nxd4 Nf6 5.Nxc6 bxc6 6.e5 Qe7 7.Qe2 Nd5 8.c4 Ba6
9.b3 g6 10.g3 Bg7 11.Bb2 O-O-O 12.Bg2 d6 13.O-O Bxe5 14.Nc3 Nxc3 15.Bxc3 Rhe8
16.Rae1 Bb7 17.Qe3 Qd7 18.Bxe5 Rxe5 19.Qxa7 Rxe1 20.Rxe1 Re8 21.Rxe8+ Qxe8
22.Bh3+ f5 23.Qe3 Qf7 24.c5 Kd7 25.Bf1 Qe7 26.Qxe7+ Kxe7 27.f4 Bc8 28.Bc4 Be6
29.Kf2 Bxc4 30.bxc4 Kd7 31.g4 fxg4 32.Kg3 h5 33.Kh4 d5  0-1

[Event "2nd Hua Yi Cup CHN Rapid"]
[Site "Shaoxing CHN"]
[Date "2023.06.01"]
[Round "5.6"]
[White "Wei Yi"]
[Black "Lu Shanglei"]
[Result "0-1"]
[WhiteElo "2722"]
[BlackElo "2597"]

1.e4 c5 2.Nf3 Nc6 3.Bb5 e6 4.O-O Nge7 5.Re1 a6 6.Bf1 b5 7.a4 b4 8.d4 cxd4
9.Nxd4 Qc7 10.Nf3 Ng6 11.Nbd2 Bb7 12.Nc4 Na5 13.Nxa5 Qxa5 14.Nd2 Ne5 15.Nc4 Nxc4
16.Bxc4 Bc5 17.Be3 d6 18.Bf4 Qb6 19.Qd2 O-O 20.a5 Qc6 21.Bb3 Kh8 22.Kh1 Rad8
23.f3 Qc7 24.Qd3 Rd7 25.Ba4 Re7 26.Bb3 Rd8 27.Bg5 f6 28.Be3 Bxe3 29.Qxe3 d5
30.exd5 Bxd5 31.Bxd5 Rxd5 32.Qb6 h5 33.Qxc7 Rxc7 34.Rxe6 Rxc2 35.Rxa6 Rxb2
36.h3 Rdd2 37.Rg1 Ra2 38.Rb6 Rdb2 39.a6 h4 40.Kh2 Kh7 41.Kh1 Kh6 42.Kh2 Kg6
43.Kh1 Kf5 44.Rb7 Rxa6 45.Rxg7 Rb6 46.Ra1 Re2 47.Kh2 b3 48.Rb1 b2 49.Rc7 Rd6
50.Rb7 Rdd2 51.Rb5+ Kf4 52.Rb4+ Ke3 53.Rb3+ Kd4 54.Rg1 Rc2 55.Rb8 Kc3 56.Rc8+ Kd3
57.Rd8+ Ke3 58.Rb8 Kf2 59.Rb1 Ke3 60.Rg1 Red2 61.Re8+ Kd3 62.Rd8+ Kc3 63.Rc8+ Kd4
64.Rd8+ Ke5 65.Rb8 f5 66.Re8+ Kf4 67.Rb8 Ke3 68.Re8+ Kf4 69.Rb8 Re2 70.Rb7 Rf2
71.Rb4+ Kg5 72.Rb3 Rcd2 73.Kh1 Rc2 74.Kh2 Rce2 75.Kh1 Rd2 76.Kh2 Rc2 77.Kh1 Rc1
78.Kh2 Rxg1 79.Kxg1 Rc2 80.Kh2 Kf4 81.Rb4+ Ke3 82.Rb5 f4 83.Rb8 Kd2  0-1

[Event "2nd Hua Yi Cup CHN Rapid"]
[Site "Shaoxing CHN"]
[Date "2023.06.01"]
[Round "5.7"]
[White "Lu Shanglei"]
[Black "Wei Yi"]
[Result "0-1"]
[WhiteElo "2597"]
[BlackElo "2722"]

1.e4 e5 2.d4 exd4 3.Nf3 Nc6 4.Nxd4 Nf6 5.Nxc6 bxc6 6.e5 Qe7 7.Qe2 Nd5 8.c4 Ba6
9.b3 g6 10.g3 Bg7 11.Bb2 O-O-O 12.Bg2 Rhe8 13.f4 Qc5 14.Qf2 Qe3+ 15.Qxe3 Nxe3
16.Be4 d5 17.Ke2 Nxc4 18.Bd3 Kb7 19.bxc4 dxc4 20.Bxc4 Bxc4+ 21.Kf2 f6 22.Re1 fxe5
23.Bxe5 Bxe5 24.fxe5 Rd5 25.Na3 Bb5 26.e6 Rd2+ 27.Kg1 Rd6 28.Reb1 Rexe6 29.Nxb5 cxb5
30.Rxb5+ Rb6 31.Rab1 Rxb5 32.Rxb5+ Rb6 33.Re5 Rb1+  0-1

[Event "TCh-CHN DivA Regular"]
[Site "Fuling CHN"]
[Date "2023.06.05"]
[Round "1.4"]
[White "Wei Yi"]
[Black "Wang Yue"]
[Result "1-0"]
[WhiteElo "2722"]
[BlackElo "2669"]

1.d4 d5 2.c4 e6 3.Nf3 Nf6 4.Nc3 Be7 5.Bf4 O-O 6.e3 Nbd7 7.g4 dxc4 8.Bxc4 Nb6
9.Bd3 Nxg4 10.h3 Nf6 11.Rg1 Nbd5 12.Be5 Ne8 13.Qb1 f5 14.e4 Nb4 15.Bc4 Kh8
16.a3 Nc6 17.Qc2 Nxe5 18.dxe5 c6 19.Ne2 Nc7 20.Nf4 b5 21.Be2 c5 22.Rd1 Qe8
23.Ng5 Bxg5 24.Rxg5 Qe7 25.Rh5 Kg8 26.Qd3 Bb7 27.exf5 exf5 28.Rxf5 c4 29.Qd7 Qxd7
30.Rxf8+ Rxf8 31.Rxd7 Rf7 32.Rd8+ Rf8 33.Rd4 Bc8 34.Bg4 Bxg4 35.hxg4 Re8
36.Rd7 Rxe5+ 37.Kd2 g5 38.Rxc7 gxf4 39.Rxa7 f3 40.Ra5 Re2+ 41.Kc3 Rxf2 42.Rxb5 Rf1
43.Kd2 Rg1 44.Ke3 Rxg4 45.Kxf3 Rg1 46.Ke4 Kf7 47.Kd4 Rc1 48.a4 Ke6 49.a5 c3
50.b4 h5 51.Kd3 c2 52.Kd2 Rh1 53.Kxc2 Kd6 54.Kb3 h4 55.Rh5 Kc6 56.Rh6+ Kd5
57.Ka4 Kc4 58.Rc6+ Kd5 59.Kb5  1-0

[Event "TCh-CHN DivA Regular"]
[Site "Fuling CHN"]
[Date "2023.06.06"]
[Round "2.3"]
[White "Wei Yi"]
[Black "Lou Yiping"]
[Result "1-0"]
[WhiteElo "2722"]
[BlackElo "2482"]

1.d4 d5 2.c4 e6 3.Nc3 Nf6 4.cxd5 exd5 5.Bg5 c6 6.e3 Bf5 7.g4 Be6 8.h3 h5
9.gxh5 Qb6 10.Bxf6 Qxb2 11.Nge2 Bb4 12.Bxg7 Bxc3+ 13.Nxc3 Qxc3+ 14.Ke2 Rxh5
15.Rb1 Qc4+ 16.Ke1 Qxa2 17.Ra1 Qb2 18.Qxh5 Qxa1+ 19.Ke2 Kd7 20.Qh8 b5 21.Rg1 Bf5
22.Qf8 Bd3+ 23.Kf3 Kc7 24.Be5+ Kb7 25.Qe7+ Ka6 26.Bxd3 Qxg1 27.Bf5 Qd1+ 28.Kf4 Qd2
29.Kg3 Qe1 30.Bc7 Qg1+ 31.Kf3 Qg8 32.h4 Qh8 33.Kg3 Qg7+ 34.Kh3 Qh8 35.Bg4 f6
36.Be6 Kb7 37.Bd8+  1-0

[Event "TCh-CHN DivA Regular"]
[Site "Fuling CHN"]
[Date "2023.06.07"]
[Round "3.5"]
[White "Wei Yi"]
[Black "Zhu,Jiner"]
[Result "1/2-1/2"]
[WhiteElo "2722"]
[BlackElo "2507"]

1.d4 Nf6 2.Bf4 d5 3.e3 e6 4.Nc3 Bd6 5.Qf3 O-O 6.g4 Bxf4 7.Qxf4 Qd6 8.Qxd6 cxd6
9.f3 b6 10.a4 Ba6 11.Bb5 Bxb5 12.axb5 a5 13.bxa6 Rxa6 14.Rxa6 Nxa6 15.g5 Ne8
16.Nge2 Nec7 17.Kd2 Nb4 18.Ra1 Nc6 19.Ra3 Na5 20.b3 Ra8 21.Kd1 Kf8 22.Nf4 Ke7
23.Ke2 Rb8 24.Ra1 Nc6 25.Kd2 g6 26.h4 h6 27.Rh1 Kd7 28.Rh3 Rh8 29.Na4 Na8
30.h5 hxg5 31.hxg6 Rxh3 32.Nxh3 fxg6 33.Nxg5 b5 34.Nb2 Nc7 35.Nd3 Ke7 36.f4 Ne8
37.Kc3 Ng7 38.Nb4 Nxb4 39.Kxb4 Nf5 40.Kxb5 Nxe3 41.c3 Nd1 42.Kc6 Nxc3 43.Nf3 Na2
44.Ne1 Nb4+ 45.Kb5 Na2 46.b4 Kf6 47.Nd3 g5 48.fxg5+ Kxg5 49.Kc6 Nxb4+ 50.Nxb4 e5  1/2-1/2

[Event "TCh-CHN DivA Regular"]
[Site "Fuling CHN"]
[Date "2023.06.08"]
[Round "4.2"]
[White "Wei Yi"]
[Black "Zhou Weiqi"]
[Result "1-0"]
[WhiteElo "2722"]
[BlackElo "2604"]

1.d4 d5 2.c4 e6 3.Nc3 Nf6 4.Bg5 Be7 5.Nf3 O-O 6.Qc2 Nbd7 7.cxd5 exd5 8.e3 h6
9.Bf4 c5 10.Bd3 a6 11.Bf5 cxd4 12.Nxd4 Nc5 13.Rd1 Re8 14.O-O Bd6 15.Nde2 Ne6
16.Nxd5 Nxd5 17.Rxd5 Nxf4 18.Nxf4 Qf6 19.Nh5 Qe7 20.Rfd1 Be5 21.Ng3 Qf6 22.b3 g6
23.Bd7 Bxd7 24.Rxd7 Rac8 25.Qd3 Bxg3 26.hxg3 b5 27.g4 Re6 28.Rd8+ Rxd8 29.Qxd8+ Kg7
30.Kf1 Rc6 31.Qxf6+ Kxf6 32.Ke2 a5 33.f4 a4 34.Kd2 b4 35.Rc1 Ra6 36.Rc2 axb3
37.axb3 Ra3 38.Rb2 h5 39.gxh5 gxh5 40.Kd3 Kf5 41.Kc4 Ke4 42.Kxb4 Ra8 43.Kc5 Kxe3
44.f5 Ra5+ 45.Kc6 Rxf5 46.b4 Rg5 47.b5 f5 48.b6 Rg6+ 49.Kd5 Rg8 50.b7 Rb8
51.Ke5 f4 52.Rb3+ Kf2 53.Kxf4 Kxg2 54.Kg5  1-0

[Event "TCh-CHN DivA Regular"]
[Site "Fuling CHN"]
[Date "2023.06.10"]
[Round "5.6"]
[White "Wei Yi"]
[Black "Kong,Xiangrui"]
[Result "1-0"]
[WhiteElo "2722"]
[BlackElo "2273"]

1.d4 d5 2.c4 c6 3.Nf3 Nf6 4.Nc3 e6 5.e3 Nbd7 6.Qc2 Bd6 7.Rg1 e5 8.g4 h6 9.Be2 dxc4
10.Bd2 exd4 11.Nxd4 Ne5 12.O-O-O Qe7 13.f4 Nexg4 14.Bxc4 Bc5 15.Rde1 g6 16.Na4 Bb4
17.Bxb4 Qxb4 18.a3 Qd6 19.h3 b5 20.Bxb5 cxb5 21.Nxb5 Qe7 22.Qc6+ Kf8 23.Qxa8 Kg7
24.hxg4 Bxg4 25.Qxa7 Qxa7 26.Nxa7 Ra8 27.e4 h5 28.Nc6 Rxa4 29.Ne5 Bc8 30.f5 Nxe4
31.b3 Rd4 32.fxg6 f6 33.Nf3 Rd3 34.Rxe4 Rxf3 35.Re7+  1-0

[Event "TCh-CHN DivA Regular"]
[Site "Fuling CHN"]
[Date "2023.06.11"]
[Round "6.1"]
[White "Wei Yi"]
[Black "Wan Yunguo"]
[Result "1-0"]
[WhiteElo "2722"]
[BlackElo "2504"]

1.Nf3 Nf6 2.c4 c5 3.Nc3 Nc6 4.d4 cxd4 5.Nxd4 g6 6.e4 d6 7.Be2 Nxd4 8.Qxd4 Bg7
9.O-O O-O 10.Qd3 Be6 11.Be3 Nd7 12.Bd4 Bxd4 13.Qxd4 a6 14.b3 Qb6 15.Qd2 Rfc8
16.Kh1 Qa5 17.f4 Nf6 18.Qe3 Qc5 19.Qg3 b5 20.f5 Bd7 21.Nd5 Nxd5 22.exd5 bxc4
23.bxc4 Qd4 24.Rae1 Qe5 25.Qg5 h6 26.Qd2 Bxf5 27.Bg4 Be4 28.Bxc8 Rxc8 29.Rc1 Qg5
30.Qf2 f5 31.Rc3 Kg7 32.Rfc1 Rb8 33.Kg1 h5 34.h4 Qf6 35.g3 Qe5 36.Rb3 Rc8
37.Qd2 a5 38.Qc3 Qxc3 39.Rcxc3 Kf6 40.Kf2 Ke5 41.Ke3 a4 42.Rb4 g5 43.hxg5 h4
44.Rb7 e6 45.Re7 Bxd5 46.gxh4 Be4 47.Kd2 Rb8 48.g6 Rb2+ 49.Kd1 Rg2 50.g7 f4
51.Rf7 Kd4 52.Ra3 e5 53.h5 Bd3 54.h6 e4 55.Rxf4 Rg1+ 56.Kd2 Rg2+ 57.Ke1 Ke3
58.Rxe4+ Kxe4 59.h7  1-0

[Event "TCh-CHN DivA Regular"]
[Site "Fuling CHN"]
[Date "2023.06.12"]
[Round "7.6"]
[White "Zhang,Di"]
[Black "Wei Yi"]
[Result "0-1"]
[WhiteElo "2273"]
[BlackElo "2722"]

1.d4 d5 2.Bg5 h6 3.Bh4 c5 4.dxc5 g5 5.Bg3 Bg7 6.c3 Nf6 7.Nd2 Na6 8.Qa4+ Qd7
9.Qa3 b6 10.cxb6 axb6 11.e3 O-O 12.Ngf3 Ne4 13.Be2 Qb7 14.Qb3 Nac5 15.Qc2 Bf5
16.Nxe4 dxe4 17.Nd4 Nd3+ 18.Kf1 Bg6 19.Qb3 e5 20.Nb5 h5 21.h4 g4 22.Rd1 Rad8
23.Kg1 Kh7 24.Bxd3 exd3 25.Kh2 Be4 26.Rhg1 f5 27.Qb4 Qd7 28.Na3 Rf7 29.Rge1 Qb7
30.Nb5 Qc6 31.Rd2 Bf8 32.Qb3 Bd5 33.Qd1 Qxb5 34.Rxd3 Bf3  0-1

[Event "TCh-CHN DivA Regular"]
[Site "Fuling CHN"]
[Date "2023.06.13"]
[Round "8.2"]
[White "Xu,Zhihang"]
[Black "Wei Yi"]
[Result "0-1"]
[WhiteElo "2510"]
[BlackElo "2722"]

1.d4 Nf6 2.c4 e6 3.Nf3 d5 4.g3 Bb4+ 5.Bd2 Be7 6.Bg2 O-O 7.O-O Nbd7 8.Qc2 c6
9.Rd1 a5 10.Bf4 a4 11.Ne5 h6 12.a3 Nxe5 13.Bxe5 Nd7 14.Bf4 g5 15.Bd2 Nb6
16.c5 Nc4 17.Nc3 b5 18.e4 f5 19.exd5 exd5 20.Na2 Be6 21.Nb4 Qd7 22.Bc3 Bf6
23.Re1 Rae8 24.Bh3 g4 25.Bf1 f4 26.Bxc4 bxc4 27.Qxa4 Rc8 28.b3 fxg3 29.hxg3 cxb3
30.Qxb3 Bf5 31.Rad1 Qf7 32.Bd2 Bxd4 33.Bf4 Bg7 34.a4 Rfe8 35.a5 Be4 36.Rxe4 Rxe4
37.a6 Be5 38.Bxe5 Rxe5 39.Ra1 Rf8 40.Nd3 Qf3 41.Qd1 Qxd1+ 42.Rxd1 Re4 43.Rb1 Ra4
44.Rb6 Ra8 45.Rxc6 R4xa6 46.Rc7 Ra1+ 47.Kg2 Rd1  0-1